Music Quiz

Random Music or Singers Quiz
Score 0/24 Timer 10:00
0 Plays Today
Song Title By: % Correct
GrowlEXO
97.8%
We Are Bulletproof BTS
92.4%
ShadowBeast
89.9%
BadmanBAP
89.3%
Everybody Shinee
88.3%
Hurricane BAP
86.3%
Very Good Block B
86.2%
RockingTeen Top
85.7%
N.OBTS
84.7%
DestinyInfinite
84.5%
ThrillerBtoB
82.4%
Sleep TalkingNu'Est
76.9%
Song Title By: % Correct
Be The LightBlock B
63.8%
Ghost Of The WindZe:A
59%
Heart Attack EXO
58.1%
When I Was Your ManBtoB
43.2%
UnbreakableKim HyunJoong
39.5%
Run & RunBig Star
38.1%
Day By DayMyName
33.8%
InceptionInfinite
32.4%
U R So Cute24K
31.7%
Beautiful GhostNu'Est
29.5%
Tell Me LoveHistory
25.8%
Ok About ItAA
24%
Remove Ads.
Support Sporcle.
Get the best of Sporcle when you Go Orange. This ad-free experience offers more features, more stats, and more fun while also helping to support Sporcle. Thank you for becoming a member.

You're not logged in!

Compare scores with friends on all Sporcle quizzes.
OR
Log In

Show Comments

Extras

Top Quizzes Today


Score Distribution

Your Account Isn't Verified!

In order to create a playlist on Sporcle, you need to verify the email address you used during registration. Go to your Sporcle Settings to finish the process.

Report this User

Report this user for behavior that violates our Community Guidelines.

Details: